000 00291nam a2200109Ia 4500
008 220204s9999 xx 000 0 und d
082 _a66.063.6(031)
_bBER.1;1
245 0 _aEncyclopedia of emulsion technology. V 1
260 _aNew York
_bDekker
_c1983
700 _aBecher, Paul
942 _cBK
999 _c38942
_d38942